01172nam a2200289 a 4500003000900000005001700009007000300026008004100029020001800070040002500088082001400113100003100127245007700158260003900235300002800274500010600302500007100408590002700479650005700506650006000563650003600623700003200659910001100691942001400702952014900716999001700865DO-SdBNP20221125145416.0ta221125e2011 dr a|||gr|||| 001 edspa d a9789945140842 aDO-SdBNPbspacBNPHU 4222bW744j1 975645aWillmore, Milciades10aJugando sin la bola. /cMilciades Willmore; Ilustración, Giovy Pérez a[Santo Domingo] :bCorripio,c2011 a117 p. :bil. ;c23 cm. aMás que una acción, una actitud orientada al alcance de objetos con recursos tangibles limitados. aIncluye datos biográficos del autor en la solapa de la cubierta. aInventariado 2022 / MF 4910825aSuperación PersonalxRepública Dominicana 4913110aAutoayuda y SuperaciónxRepública Dominicana 495464aReflexiones (Filosofía)1 aPérez, Giovy eil.982877 aMFeliz 2ddccLBS1 00102ddc51708PDaBNPHUbBNPHUcCTd2021-07-21eDonado por Yeryll Monserrat Prats Marcano.l0oW744jp2022-5618r2022-11-25w2022-11-25yLBS1 c53005d53005